Návrh 3D GIS systému na podporu archeologického výskumu v oblasti Petén – Guatemala

Enregistré dans:
Détails bibliographiques
Auteur principal: Hrušovská, Michaela (Auteur)
Autres auteurs: Lieskovský, Tibor (Directeur de thèse)
Format: Manuscrit Livre
Langue:slovaque
Publié: 2015
Sujets:
Accès en ligne:http://is.stuba.sk/zp/portal_zp.pl?podrobnosti=109395
https://opac.crzp.sk/?fn=detailBiblioForm&sid=78283B71680DBAF21D42D31D22D4
Tags: Ajouter un tag
Pas de tags, Soyez le premier à ajouter un tag!

MARC

LEADER 00000ntm a22000003a 4500
001 stuzp51714
003 SK-STU
005 20231013103655.5
007 ta
008 150427s2015----xo-----f-mn---000-0-slo-d
040 |a STU  |b slo 
041 0 |a slo 
100 1 |a Hrušovská, Michaela  |u 010130  |4 aut  |U SvF Stavebná fakulta  |T SvF Katedra geodetických základov  |X 7146  |U V130  |Y 13  |7 A000007146 
242 0 1 |a Design of 3D GIS system to support archeological research in the Petén - Guatemala  |y eng 
245 1 0 |a Návrh 3D GIS systému na podporu archeologického výskumu v oblasti Petén – Guatemala 
260 |c 2015 
650 4 |a ArcScene  |2 slo 
650 4 |a PostgreSQL  |2 slo 
650 4 |a Trimble SketchUp  |2 slo 
650 4 |a integrita dát  |2 slo 
650 4 |a 3D GIS  |2 slo 
650 4 |a ArcScene  |2 eng 
650 4 |a PostgreSQL  |2 eng 
650 4 |a Trimble SketchUp  |2 eng 
650 4 |a data integration  |2 eng 
650 4 |a 3D GIS  |2 eng 
700 1 |a Lieskovský, Tibor  |4 ths  |X 3805  |7 A000003805 
856 4 |u http://is.stuba.sk/zp/portal_zp.pl?podrobnosti=109395 
856 4 |u https://opac.crzp.sk/?fn=detailBiblioForm&sid=78283B71680DBAF21D42D31D22D4 
SQL |a stuzp51714  |b DDP  |c SLO  |d Návrh 3D GIS systému na podporu archeologického výskumu v oblasti Petén – Guatemala  |e 7146  |f Hrušovská, Michaela  |g 010130  |h 3805  |i Lieskovský, Tibor  |j 20150616  |k 12  |l 01  |m http://is.stuba.sk/zp/portal_zp.pl?podrobnosti=109395  |n I-GAK  |o 5.1.3. geodézia a kartografia